00490 2200217 4500001002100000005001500021035002000036007000300056008003900059020000600098082001000104084001600114100001600130245001100146260002700157300001600184650001100200538000800211856002800219990002500247INLIS00000000000669320231018094819 a0010-1023000033ta231018 | | |  a- a28-55 a28-55 HAI s0 aHAIDAR, Abu1 aShalat aJakarta :bQodfaza,c- a- :b- ;c- 4aShalat aVCD aPerpustakaan BSIP Jatim a4/VCD/BSIPJATIM/2023